Oldham Athletic Squad 2019/20 - Statistics

General Stats
  • This quiz has been taken 17 times
  • The average score is 12 of 17
Answer Stats
Number Position Nationality Answer % Correct
31 Defender England David Wheater
90%
10 Midfielder France Mohammed Maouche
90%
20 Goalkeeper Curacao Zeus De La Paz
90%
17 Midfieler France Christopher Missilou
80%
8 Winger Portugal Filipe Morais
80%
11 Winger Curacao Gevaro Nepomuceno
80%
34 Defender England Tom Hamer
80%
19 Striker Benin Desire Turdbe Azankpo
70%
X Manager Tunisia Dino Maamria
70%
7 Winger Gabon Johan Branger
70%
24 Midfielder France Mo Sylla
70%
2 Defender England Zak Mills
70%
56 Striker England Danny Rowe
60%
26 Winger England Johnny Smith
60%
55 Striker England Zak Dearnley
60%
25 Midfielder England Chris Mcann
50%
33 Defender England Carl Piergianni
40%
No matching quizzes found
Score Distribution
Percent of People with Each Score
Percentile by Number Answered
Your Score History
You have not taken this quiz